Quizzes
Events
Quiz Creation
Community
Videos
Private Events
Remove Ads
Sign In
Join for FREE
Feedback
Dark Mode
Quiz Categories
Sports
Geography
Music
Movies
Television
Just For Fun
Miscellaneous
History
Literature
Language
Science
Gaming
Entertainment
Religion
Holiday
For Kids
Quiz Lab
Recent
Popular Today
Quiz Kudos Today
Editor Picks
Curator Picks
Quizzes by...
Day
Popularity
Type
Ratings
Length
Year
Community
Subscriptions
Recent Discussions
Orange Saloon
Badges
Playlists
Quests
Create
Leaderboards
Showdown
Live 5
Trivia Bingo
Activity
Puzzle Library
Sporcle Events
Private Events
Virtual Trivia
Globe League
Become a Host
Pub Owners
SporcleCon
Opinionation
Our Games
Videos
Blog
Mobile Apps
Partnerships
Remove Ads and Go Orange
Feedback
Geography
Country
Landmarks
City
State
Population
World
Capital
Continent
Flags
Europe
Africa
Asia
South America
North America
Oceania
Border
Canada
United Kingdom
Topography
United States
Geography
Country
Landmarks
City
State
Population
World
Capital
Continent
Flags
Europe
Africa
Asia
South America
North America
Oceania
Border
Canada
United Kingdom
Topography
United States
Random Quiz
Search Sporcle
×
Quiz Lab
Quiz Lab
Geography
State
Type in answers that appear in a list
Type in answers that appear in a list
Classic
Best Score? Go Orange.
States that Interstate 80 Passes Through Stats
Can you name the States that Interstate 80 Passes Through?
By
huskerman808
2m
11 Questions
507 Plays
507 Plays
507 Plays
Comments
Comments
Give Quiz Kudos
Give Quiz Kudos
-
- Ratings
hide this ad
Replay
Link that replays current quiz
Next Quiz
Link to next quiz in quiz playlist
You Got
0%
They Got
Avg Score
95%
Avg Friend Score
Upgrade to see
Score Distribution
Jump to the score distribution portion of the page
Score
0/11
Timer
02:00
0
Plays Today
Region
State
% Correct
West
California
97.4%
West
Nevada
97%
Midwest
Ohio
97%
Midwest
Indiana
96.8%
Midwest
Illinois
96.6%
Midwest
Nebraska
95.3%
Midwest
Iowa
95.3%
East
Pennsylvania
94.5%
West
Utah
94.1%
West
Wyoming
92.9%
East
New Jersey
92.1%
Quiz Playlist
Details
Report
Send in Message
Add To Playlist
Classic:
Type in answers that appear in a list
Last Updated: Apr 27, 2017
Quiz Scoreboard
CHALLENGE
Sign Up to Join the Scoreboard
Show All
Scores
Hide
Comments
May contain spoilers
Recently Published
9x9 Crossword: Cartoon Network
by jackfrog10
Miscellaneous
3m
College Basketball Coaching Resumes
by pancakes188
Sports
9m
Billboard Blitz: Fleetwood Mac
by CooCooCachoo
Music
15s
More to Explore
Quiz From the Vault
Featured Blog Post
Where Did the Easter Bunny Come From?
hide this ad
You Might Also Like...
Tags
State Quiz
Interstate Highway
Passing
region
Today's Top Quizzes in Geography
Browse Geography
hide this ad
Today's Top Quizzes in State
Browse State
Top Contributed Quizzes in Geography
1
Countries of the World - No Outlines Minefield
2
Top 25 Cities of France on a map
3
Any capital of a 'B' country per Continent
4
Any capital of a 'C' country per Continent
5
Closest Countries to UK A-Z
6
Any capital of a 'D' country per Continent
7
5-to-1: US Geography No Hints
8
Any capital of an 'E' country per Continent
9
Find the US States - No Outlines
10
Any capital of an 'F' country per Continent
Explore More
Trending Topics
Crossword
Marvel
Kpop
Harry Potter
Disney
NBA
Anime
Pokémon
Song
Country
Puzzle
NFL
WWE
Soccer
The Office
hide this ad
More By:
huskerman808
Quiz
Plays
Rating
Category
Featured
Created
States that Interstate 80 Passes Through
507
4.11
Geography
Oct 18, 2009
Big 12 Football Champions
414
3.25
Sports
Oct 9, 2009
Oil Reserves Left
219
2.83
Geography
Mar 18, 2010
NFL Teams by T.V. Market Size (2020)
198
5.00
Sports
Jul 24, 2020
Surprisingly Small 'Big' US Cities
190
3.86
Geography
Feb 4, 2018
Go to Creator's Profile
Score Distribution
Quiz Creator Spotlight
huskerman808
Follow
Send a Message
Quizzes Created
-
Created Quiz Play Count
-
More By This Creator
Popular Quizzes Today
1
Find the US States - No Outlines Minefield
2
Find the Countries of Europe - No Outlines Minefield
3
The Countries of the World
4
Find the US States
5
Risky Map Clicking: Biggest States A-Z
6
US States
7
Popular People in 1961
8
Movies - When Are They Set?
More Geography Quizzes
Borders an 'R' Country Minefield
Published
Trending Quizzes
Risky Map Clicking: Least Populous States A-Z
1-10 Letter G Words
1-10 Letter F Words
Risky Map Clicking: Next State Alphabetically
Adjectives in 80s TV Shows
Recently Updated
Leaping Animals
pecheneg
Reality TV Shows (A-Z)
bhenderson79
Rickey Henderson's Hall of Fame Teammates
pecheneg
Champions League XIs: Arsenal
pecheneg
Quick Pick: Celebrities in WWE's Hall of Fame
aduchscher
A-Z Keypad Blitz II
pecheneg
Multiple Oscar Actors
pecheneg
Mystery Phrase Blitz: Oscar 'Best Actors'
pecheneg
F. Scott Fitzgerald Novels
LTH
Pick 3 Villains
ddd62291
Trending Topics
Kpop
Harry Potter
Anime
Marvel
Disney
Crossword
NBA
WWE
Puzzle
The Office
Country
Soccer
NFL
Song
Pokémon
Your Account Isn't Verified!
In order to create a playlist on Sporcle, you need to verify the email address you used during registration. Go to your
Sporcle Settings
to finish the process.
Report this User
Report this user for behavior that violates our
Community Guidelines
.
Details:
Send Report
Go to the Sporcle.com Mobile Site →
Comments